| LEADER 00000nam 2200000uu 4500 |
| 001 39214 |
| 003 ULIBM |
| 008 020711s2567 th a 000 0 tha d |
| 020 9786169453406 |
| 060 WM165 ธ314ก |
| 100 ธรณินทร์ กองสุข |
| 245 การสอบสวนอุบัติการณ์ฆ่าตัวตายและพยายามฆ่าตัวตายแนวใหม่=Suicide and suicide attempt incident investigation, new approach/ธรณินทร์ กองสุข (เล่ม) |
| 250 พิมพ์ครั้งที่ 1 |
| 260 ขอนแก่น :^bมูลนิธิโรงพยาบาลจิตเวชขอนแก่นราชนครินทร์,^c2567 |
| 300 120 หน้า :^bภาพประกอบ, ตาราง, ภาคผนวก ;^c21 ซม. |
| 500 เนื่อหาในเล่ม |
| 500 1. บทที่ 1 ความสำคัญและปัญหาของการสอบสวนอุบัติการณ์ฆ่าตัวตายและพยายามฆ่าตัวตาย |
| 500 2. บทที่ 2 แนวคิดการพัฒนาแนวทางการสอบสวนอุบัติการณ์ฆ่าตัวตายแนวใหม่ |
| 500 3. บทที่ 3 นิยามและวัตถุประสงค์การสอบสวนอุบัติการณ์ฆ่าตัวตายและพยายามฆ่าตัวตาย |
| 500 4. บทที่ 4 นิยามการฆ่าตัวตายและการจำแนกพฤติกรรมการฆ่าตัวตาย |
| 500 5. บทที่ 5 ธรรมชาติของการฆ่าตัวตาย |
| 500 6. บทที่ 6 สมมติฐานกำรฆ่าตัวตายในคนไทย |
| 500 7. บทที่ 7 ขั้นตอนการสอบสวนอุบัติการณ์ฆ่าตัวตายและพยายามฆ่าตัวตาย |
| 500 8. บทที่ 8 กระบวนการและวิธีการสัมภาษณ์เพื่อสอบสวนรวบรวมข้อมูลการฆ่าตัวตาย |
| 500 9. บทที่ 9 การบริหารจัดการทีมสอบสวนและความเชื่อมโยงกับระบบที่เกี่ยวข้อง |
| 500 ภาคผนวก |
| 500 1. 1.QR code link สไลด์เอกสารประกอบและคลิปวิดีโอบรรยายการสอบสวนบัติการณ์ฆ่าตัวตายและพยายามฆ่าตัวตาย |
| 500 2. 2.แบบฝึกหัดสำหรับยืนยันการฆ่าตัวตายและพยายามฆ่าตัวตาย |
| 500 3. 3.แบบรายงานการสอบสวนกรณีฆ่าตัวตายและพยายามฆ่าตัวตาย |
| 500 4. 4.แบบคัดกรองโรคซึมเศร้าและฆ่าตัวตาย 2Q plus |
| 500 5. 5.แบบประเมินฆ่าตัวตาย 8Q |
| 500 6. 6.แบบประเมินโรคซึมเศร้า 9 คำถาม (9Q-2017) |
| 500 7.สรุปภาพรวมการใช้จากข้อมูลการสอบสวนอุบัติการณ์ |
| 650 การฆ่าตัวตาย |
| 650 การฆ่าคัวตาย^xแง่สังคมวิทยา |
| 650 Suicide |
| 650 คลังความรู้ KRPH |
| 999 ^aฐานิตา โสภะสุนทร |